000 00457nab a2200145Ia 4500
003 ES-SlBCS
005 20210601125242.0
008 140529s1980 xxu||||| |||| 00| 0 eng d
041 _aeng
100 1 _aTomberlin, James E.
_9136884
245 0 0 _aSome Recent Work in Action Theory
_c James E. Tomberlin
650 0 4 _aTeoría de la Acción
_9137906
773 0 _tPhilosophy and Phenomenological Research
_gvol. 40, 1980, págs. 576-592
_wRev1411
942 _cAR
999 _c527268
_d527268